Quiz de El Salvador - Statistics

Estatísticas Gerais
  • Esse quiz foi jogado 1 542 vezes
  • A pontuação média é 8 de 17
Estatísticas das Respostas
Dica Resposta % Correto
Língua oficial Espanhol
98%
Países fazendo fronteira com o El Salvador Guatemala
89%
Países fazendo fronteira com o El Salvador Honduras
88%
Capital San Salvador
76%
El Salvador é o único país centro-americano que não faz fronteira com este mar Caribe
73%
Cerca de 2,3 milhões de salvadorenhos vivem neste país Estados Unidos
72%
"El Salvador" significa "O Salvador". A que pessoa isso refere? Jesus Cristo
66%
Moeda oficial Dólar Americano
55%
El Salvador tem a maior taxa de ______ do mundo, 61,8 por 100.000 anualmente Homicídio
54%
O único país que teve mais mortes devido a erupções vulcânicas do que El Salvador desde 141 a.C. Indonésia
42%
Maior tipo de exportação do El Salvador no século XIX Café
29%
El Salvador perdeu 85% da sua _____ desde a década de 1960 Floresta
26%
Pequena guerra que aconteceu em 1969 contra um dos países fronteiriços Guerra do {Futebol}
26%
Região histórica e cultural da qual El Salvador faz parte {Meso}américa
23%
Segunda maior cidade (dica: uma santa) Santa Ana
17%
Golfo que o El Salvador faz fronteira no leste Golfo de {Fonseca}
9%
Prato nacional de El Salvador, uma tortilla recheada Pupusa
6%
Nenhum quiz correspondente encontrado
Distribuição das Pontuações
Porcentagem de Pessoas com Cada Pontuação
Percentil de Números Respondidos
Sua Pontuação Histórica
Você não jogou esse quiz